[Event "ITA-ch U20"]
[Site "Tarvisio"]
[Date "2023.07.06"]
[Round "5"]
[White "Bodini, Ludovico"]
[Black "Patruno, Mattia"]
[Result "1-0"]
[WhiteElo "1920"]
[BlackElo "1694"]
[PlyCount "53"]
[EventDate "2023.07.02"]
[EventType "swiss"]
[EventRounds "9"]
[EventCountry "ITA"]
[SourceTitle "EXT 2024"]
[Source "ChessBase"]
[SourceDate "2023.10.10"]
[SourceVersion "1"]
[SourceVersionDate "2023.10.10"]
[SourceQuality "1"]

1. d4 f5 2. e4 fxe4 3. Nc3 Nf6 4. f3 e3 5. Bxe3 e6 6. Qd2 Bb4 7. h4 0-0 8. Bd3 Nd5 9. Nh3 Nxe3 10. Qxe3 h6 11. Qe4 Qf6 12. g4 g6 13. g5 d5 14. Qe3 Qxf3 15. Qxf3 Rxf3 16. gxh6 e5 17. Ng5 Rxd3 18. cxd3 exd4 19. a3 dxc3 20. axb4 cxb2 21. Rb1 Bf5 22. Rxb2 Nc6 23. Re2 a6 24. 0-0 Rf8 25. Rfe1 Bxd3 26. Re8 Be4 27. h7+ 1-0

[Event "Dueville op-A 1st"]
[Site "Dueville"]
[Date "2023.06.03"]
[Round "2"]
[White "Canella, Jacopo"]
[Black "Bodini, Ludovico"]
[Result "1-0"]
[WhiteElo "1991"]
[BlackElo "1892"]
[PlyCount "95"]
[EventDate "2023.06.01"]
[EventType "swiss"]
[EventRounds "5"]
[EventCountry "ITA"]
[SourceTitle "EXT 2024"]
[Source "ChessBase"]
[SourceDate "2023.10.10"]
[SourceVersion "1"]
[SourceVersionDate "2023.10.10"]
[SourceQuality "1"]

1. d4 Nf6 2. c4 e6 3. Nc3 Bb4 4. a3 Bxc3+ 5. bxc3 b6 6. f3 Nc6 7. e4 Ba6 8. Bd3 Na5 9. Qe2 Nb3 10. Rb1 Nxc1 11. Rxc1 d6 12. f4 Qe7 13. e5 dxe5 14. fxe5 Qxa3 15. Rc2 Qa1+ 16. Kf2 Nd7 17. Qd2 Nxe5 18. dxe5 0-0-0 19. Qe2 Qa3 20. Nf3 Qc5+ 21. Nd4 f6 22. exf6 e5 23. fxg7 Rhg8 24. Bf5+ Kb8 25. Qxe5 Qxc4 26. Be6 Qd3 27. Bxg8 Rxd4 28. Qxd4 Qxc2+ 29. Ke3 Qe2+ 30. Kf4 Qxg2 31. Qd8+ Bc8 32. Qxc8+ Kxc8 33. Be6+ Kb7 34. g8Q Qf2+ 35. Kg4 Qg2+ 36. Kh4 Qf2+ 37. Kh3 Qf3+ 38. Kh4 Qf2+ 39. Kh5 Qf3+ 40. Kh6 Qf6+ 41. Kxh7 Qh4+ 42. Kg6 Qe4+ 43. Bf5 Qc6+ 44. Qe6 Qg2+ 45. Kf7 Qd2 46. Be4+ Ka6 47. Ra1+ Kb5 48. Qc6# 1-0

[Event "Piacenza Ruscitti Memorial"]
[Site "Piacenza"]
[Date "2022.10.23"]
[Round "5"]
[White "Sgaria, Marco"]
[Black "Bodini, Ludovico"]
[Result "1/2-1/2"]
[WhiteElo "1381"]
[BlackElo "1654"]
[PlyCount "139"]
[EventDate "2022.10.22"]
[EventType "swiss"]
[EventRounds "5"]
[EventCountry "ITA"]
[SourceTitle "EXT 2024"]
[Source "ChessBase"]
[SourceDate "2023.10.10"]
[SourceVersion "1"]
[SourceVersionDate "2023.10.10"]
[SourceQuality "1"]

1. b3 e5 2. Bb2 Nc6 3. c4 g6 4. e3 Bg7 5. Ne2 Nge7 6. Nbc3 0-0 7. g3 d5 8. cxd5 Nxd5 9. a3 f5 10. Bg2 Be6 11. Qc2 f4 12. Bxd5 Bxd5 13. Nxd5 Qxd5 14. Qc4 Qxc4 15. bxc4 f3 16. Ng1 e4 17. Bxg7 Kxg7 18. Nh3 Ne5 19. Nf4 Rfe8 20. Rb1 Rab8 21. d4 exd3 22. Rc1 Rbd8 23. Kd2 g5 24. Nd5 c6 25. Nb4 a5 26. Na2 Ng4 27. Rcf1 Nf6 28. Nc3 Re5 29. Rb1 Rd7 30. Rb6 Ng4 31. Nd1 Rc5 32. Rb3 Ne5 33. Nb2 Nxc4+ 34. Nxc4 Rxc4 35. Rxd3 Rxd3+ 36. Kxd3 b5 37. Ra1 a4 38. h3 Kf6 39. Rh1 h5 40. Rb1 Ke5 41. Re1 Re4 42. Rc1 Kd5 43. Rc2 c5 44. Rd2 b4 45. axb4 cxb4 46. Kc2+ Kc4 47. Rd8 b3+ 48. Kb2 Re5 49. Rd4+ Kb5 50. Ka3 Rc5 51. Rxa4 Rc2 52. Kxb3 Rxf2 53. Re4 Re2 54. Re5+ Kc6 55. Rxg5 f2 56. Rf5 Rxe3+ 57. Kc4 Rxg3 58. Rxf2 Rxh3 59. Rf6+ Kd7 60. Kd5 Ke7 61. Rh6 Kf7 62. Ke5 Kg7 63. Ra6 Rf3 64. Ke4 Rf8 65. Rb6 h4 66. Ra6 Rf1 67. Rb6 Rg1 68. Kf3 h3 69. Rb2 Rh1 70. Kg3 1/2-1/2

[Event "Crema op 22nd"]
[Site "Crema"]
[Date "2022.09.09"]
[Round "1"]
[White "Marzatico, Luca"]
[Black "Bodini, Ludovico"]
[Result "1-0"]
[WhiteElo "1979"]
[BlackElo "1663"]
[PlyCount "148"]
[EventDate "2022.09.09"]
[EventType "swiss"]
[EventRounds "6"]
[EventCountry "ITA"]
[SourceTitle "CBM 210 Extra"]
[Source "ChessBase"]
[SourceDate "2022.11.30"]
[SourceVersion "1"]
[SourceVersionDate "2022.11.30"]
[SourceQuality "1"]

1. d4 Nf6 2. Nf3 d5 3. c4 e6 4. g3 Bb4+ 5. Nbd2 0-0 6. Bg2 c6 7. 0-0 b6 8. Ne5 Nfd7 9. Ndf3 Bb7 10. cxd5 cxd5 11. Bf4 Bd6 12. h4 Bxe5 13. Nxe5 Nxe5 14. Bxe5 Nc6 15. Bf4 Qf6 16. e3 h6 17. Qa4 Rfd8 18. Rfc1 Rac8 19. Qa3 Qe7 20. Qxe7 Nxe7 21. Bf1 Ng6 22. Rxc8 Rxc8 23. Bd6 Nf8 24. a4 a5 25. Bb5 Nh7 26. b4 axb4 27. Bxb4 Nf6 28. f3 g5 29. hxg5 hxg5 30. g4 Rc2 31. Be7 Kg7 32. Bd8 Bc6 33. Rb1 Bxb5 34. axb5 Nd7 35. Bxg5 e5 36. Be7 exd4 37. exd4 Rc4 38. Ba3 Ra4 39. Bc1 Kf8 40. Bh6+ Ke8 41. Be3 Nf8 42. Kf2 Ne6 43. Rc1 Rb4 44. f4 Rxb5 45. f5 Nd8 46. Bg5 Nb7 47. Kf3 Rb4 48. Bf6 Nd6 49. Kf4 Ne4 50. Ke5 Nxf6 51. Kxf6 Rc4 52. Re1+ Kf8 53. Ra1 Rc8 54. Ra7 Rc6+ 55. Ke5 b5 56. Rb7 Kg7 57. Rxb5 Kh6 58. Rb8 Kg5 59. Rg8+ Kh4 60. g5 Rc2 61. g6 fxg6 62. fxg6 Kg5 63. Kxd5 Kf6 64. Kd6 Rc4 65. d5 Ra4 66. Rf8+ Kxg6 67. Ke7 Kg7 68. Rf2 Ra7+ 69. Ke6 Ra1 70. d6 Ra6 71. Ke7 Ra1 72. Rg2+ Kh6 73. d7 Re1+ 74. Kd8 Rc1 1-0